|
|
|
|
| LEADER |
00884pam a22002298a 4500 |
| 001 |
00000317 |
| 005 |
20171026081022.0 |
| 008 |
110318s2008 |||||| sd |
| 020 |
|
|
|c 19000
|
| 082 |
1 |
4 |
|a 305.895 922
|b C430NG
|
| 100 |
0 |
# |
|a Bùi Thanh Sơn
|
| 245 |
0 |
0 |
|a Con người Việt Nam giá trị truyền thống và hiện đại
|c Bùi Thanh Sơn, Lê Thị Thu Ngân
|
| 260 |
# |
# |
|a H.
|b Quân đội nhân dân
|c 2008
|
| 300 |
# |
# |
|a 153 tr.
|c 19 cm.
|
| 650 |
# |
4 |
|a Văn Hóa
|
| 650 |
# |
4 |
|a con người Việt Nam
|
| 700 |
0 |
# |
|a Lê Thị Thu Ngân
|
| 852 |
# |
# |
|b Kho mượn
|j KM.0002757, KM.0002758, KM.0002760, KM.0012093
|
| 852 |
# |
# |
|b Kho đọc
|j KD.0000561
|
| 852 |
# |
# |
|j KD.0000561
|j KM.0002757
|j KM.0002760
|j KM.0002758
|j KM.0012093
|
| 910 |
|
|
|d 18/03/2011
|
| 980 |
# |
# |
|a Trung tâm Học liệu Lê Vũ Hùng, Trường Đại học Đồng Tháp
|